000 00331nam a2200145Ia 4500
003 OSt
005 20240229153209.0
008 170524s9999 xx 000 0 und d
020 _a978-0262029483
040 _cIIMT UNIVERSITY
100 _aFabozzi Frank
245 0 _aCaptial Markets
260 _aNew Delhi:PHI
942 _2ddc
_c01
999 _c3071
_d3071